[Event "It (cat.17)"]
[Site "masterchessopen.com Carlsbad (Czech Republic)"]
[Date "2007.09.14"]
[Round "6"]
[White "Akopian Vladimir (ARM)"]
[Black "Timman Jan H (NED)"]
[Result "1-0"]
[WhiteElo "2713"]
[BlackElo "2559"]

{ Akopian Vladimir (ARM) +2 =1 -1 Timman Jan H (NED) +2 =0 -0 } 1.e4 c5 2.Nf3
e6 3.d4 cxd4 4.Nxd4 Nc6 5.Nc3 Qc7 6.Be3 a6 7.Qd2 Nf6 8.O-O-O Bb4 9.f3 Ne7
10.Nde2 { = } ( 10.g4 h6 11.Nde2 d5 12.e5 Nd7 13.f4 b5 14.Kb1 Ba5 15.Nd4 b4
16.Na4 b3 17.c3 bxa2+ 18.Ka1 O-O 19.Rg1 Bb7 20.g5 Bc6 21.gxh6 g6 22.Qc2 Kh8
23.Nxc6 Qxc6 24.Bd3 { 1-0, Novikov Stanislav 2533 - Newerovski Gennadi 2333 ,
Minsk 12. 7.2005 It (open) } ) 10...b5 ( 10...d5 11.Bg5 dxe4 12.Bxf6 gxf6
13.Qd4 exf3 14.Qxb4 fxe2 15.Bxe2 f5 16.Rd6 Bd7 17.Rhd1 Bc6 18.Qd4 O-O 19.g4
Rfe8 20.h4 Rac8 21.Qf4 Nd5 22.Qg5+ Kh8 23.R6xd5 { 1/2-1/2, Volokitin Andrei
2666 - Ribli Zoltan 2585 , Neum 4. 6.2005 Ch Bosnia & Herzegovina (team) } )
11.g4 ( 11.Bf4 e5 12.Bg5 Bb7 13.Kb1 Ba5 14.Qd6 ( 14.Bxf6 gxf6 15.Qh6 Qb6 16.g3
Qe6 17.Bh3 f5 18.Qh4 f6 19.exf5 Qf7 20.Ne4 Bxe4 21.fxe4 Nc6 22.Rd6 O-O 23.Rhd1
Ra7 24.Bf1 Rc7 25.Nc1 Bb4 26.R6d5 Rfc8 27.Nb3 Bf8 28.c3 Kh8 29.g4 Qg7 30.Qg3
Ra8 { ...1-0, Anand Viswanathan 2788 - Polgar Judit 2735 , San Luis 6.10.2005
Ch World FIDE } ) 14...Nfd5 15.Qxc7 Nxc7 16.Ng3 f6 { 1/2-1/2, Akopian Vladimir
2707 - Nisipeanu Liviu-Dieter 2707 , Goteborg 4. 8.2005 Ch Europe (team) } ) (
11.Qe1 Ba5 12.Qf2 d5 13.Bc5 b4 14.Na4 Rb8 15.Nd4 dxe4 16.Nb3 Ned5 17.Nxa5 Qxa5
18.Qg3 Rb7 19.fxe4 Nxe4 20.Qxg7 Qxa4 21.Qxh8+ Kd7 22.Bc4 Nxc5 23.Bxd5 exd5
24.Rxd5+ Kc6 25.Qxc8+ Kxd5 26.Rd1+ { 1-0, Karjakin Sergey 2658 - Zhang
Pengxiang 2613 , Tiayuan 14. 7.2005 It "Sanjin Hotel Cup" (cat.15) } ) 11...h6
( 11...O-O 12.Bf4 e5 13.Bg5 Qc6 14.a3 Ba5 15.Qd6 Qxd6 16.Rxd6 Bc7 17.Rd3 Rb8
18.Bxf6 gxf6 19.Ng3 Kh8 20.Be2 d6 21.Nh5 Ng8 22.Nd5 Bd8 23.Nb4 Rb6 24.Rhd1 a5
25.Nd5 Rb8 26.Rb3 Bd7 27.Nc3 b4 28.axb4 a4 29.Ra3 Rxb4 30.Rxd6 Rb7 31.Nd5 {
...1/2-1/2, Novikov Stanislav 2533 - Tunik Gennady 2457 , St.Petersburg
18.10.2005 Memorial M.Chigorin (open) } ) 12.Qe1 ( 12.a3 Ba5 13.b4 Bb6 14.Bxb6
Qxb6 15.Nd4 Bb7 16.h4 Nc6 17.Nb3 Ne5 18.Be2 O-O-O 19.g5 Nh5 20.f4 Nc4 21.Bxc4
bxc4 22.Na5 Qc7 23.Rhf1 Ng3 24.Nxb7 Qxb7 25.Rfe1 hxg5 26.hxg5 f5 27.gxf6 gxf6
28.Qf2 Nh5 29.Rd6 Qc7 30.Red1 Rhg8 31.Kb2 Kb7 { ...1-0, L'Ami Erwin 2541 - Van
Der Elburg Freddie 2341 , Amsterdam 17. 7.2005 It (open) } ) ( 12.Rg1 Ng6
13.a3 Be7 14.f4 b4 15.axb4 Bxb4 16.Qd4 Qa5 17.Kb1 Rb8 18.g5 Nh5 19.gxh6 Rxh6
20.Rg5 Qc7 21.Nb5 Rxb5 22.Rxb5 axb5 23.Qxb4 Nhxf4 24.Nc3 Rxh2 25.Bg1 { 1-0,
Leko Peter 2751 - Polgar Judit 2735 , San Luis 1.10.2005 Ch World FIDE } ) (
12.h4 Ba5 13.a3 b4 14.axb4 Bxb4 15.Bh3 Qa5 16.Kb1 d6 17.Nc1 Rb8 18.N1a2 Ba3
19.b3 Nd7 20.g5 h5 21.f4 Qc7 22.Bd4 O-O 23.g6 Nc5 24.gxf7+ Rxf7 25.Rh2 Nc6
26.Bxc5 dxc5 27.Qd6 Nd4 28.Qxc7 Rxc7 29.Ne2 Nxe2 30.Rxe2 c4 31.Rd8+ Kf7 {
...0-1, Naiditsch Arkadij 2641 - Nisipeanu Liviu-Dieter 2707 , Warsaw 22.
6.2005 Ch Europe } ) 12...Bc5 ( 12...Ba5 13.Qg3 Ng6 14.a3 Bb7 15.Bg2 Rc8 16.b4
Qxg3 17.hxg3 Bd8 18.g5 hxg5 19.Rxh8+ Nxh8 20.Rh1 Ng6 21.Bxg5 Nxe4 22.Nxe4 Bxe4
23.Bxd8 Rxc2+ 24.Kd1 Bd3 25.Bf1 Kxd8 26.Nc1 Rxc1+ 27.Kxc1 Bxf1 28.Rxf1 Ne5
29.Kc2 d5 30.Kc3 Kd7 31.f4 Nc4 32.Rh1 { ...1-0, Rohit G 2392 - Ganguly Surya
Shekhar 2571 , New Delhi 17. 1.2007 It (open) } ) 13.Bxc5 Qxc5 14.Nd4 { -0.07
CAP } 14...e5 { N } ( 14...Bb7 15.Nb3 Qc7 16.Qg3 Rc8 17.Qxc7 Rxc7 18.a4 bxa4
19.Nxa4 Nxe4 20.fxe4 Bxe4 21.Bd3 Bxh1 22.Rxh1 Nd5 23.Nac5 Nb4 24.Kd2 Nxd3
25.Kxd3 Rc6 26.Ra1 Ke7 27.Ra5 g5 28.Nd4 Rd6 29.Ne4 Rb6 30.b3 h5 31.h3 hxg4
32.hxg4 d5 33.Nf2 Rh2 34.Ke2 { ...0-1, Bologan Viktor 2645 - Nisipeanu
Liviu-Dieter 2696 , Olite 9. 9.2006 Ch Spain (team) (Honor gr.1) } ) 15.Nb3
Qc7 16.h4 Bb7 17.Rh2 d5 18.exd5 Nexd5 19.Nxd5 Nxd5 { ?! } ( 19...Bxd5 { !? }
20.Qe3 Bc6 21.Rhd2 O-O 22.g5 hxg5 23.hxg5 Nh5 24.Bd3 Rad8 25.Rh1 g6 { } )
20.Na5 O-O-O 21.Nxb7 Qxb7 22.Qxe5 Rhe8 23.Qxg7 Qc7 24.Rhd2 Qf4 25.Qd4 { } {#r}
1-0

[Event "It (open)"]
[Site "masterchessopen.com Portoroz (Slovenia)"]
[Date "2007.09.30"]
[Round "6"]
[White "Rebernik Bostjan (SLO)"]
[Black "Kukovec Borut (SLO)"]
[Result "0-1"]
[WhiteElo "2083"]
[BlackElo "2223"]

1.e4 c5 2.Nf3 Nc6 3.d4 cxd4 4.Nxd4 Qc7 5.Nc3 e6 6.Be3 a6 7.Qd2 Nf6 8.O-O-O Bb4
9.f3 Na5 10.Nb3 d5 11.Kb1 Bxc3 12.bxc3 Nc6 13.Bc5 b6 14.Ba3 Ne5 15.Qg5 Ng6
16.Bd3 Bb7 17.Rhe1 dxe4 18.Bxe4 {#R} 0-1

[Event "Ch Croatia (team) (1st league)"]
[Site "masterchessopen.com Sibenik (Croatia)"]
[Date "2007.10.01"]
[Round "7"]
[White "Ivic Mateo (CRO)"]
[Black "Miladinovic Igor (SRB)"]
[Result "0-1"]
[WhiteElo "2293"]
[BlackElo "2603"]

1.e4 c5 2.Nf3 Nc6 3.d4 cxd4 4.Nxd4 Qc7 5.Nc3 e6 6.Be3 a6 7.Bd3 Nf6 8.O-O h5
9.h3 b5 10.Qe2 Bb7 11.Rfe1 Bd6 12.Nxc6 Qxc6 13.Bd4 b4 14.Bxf6 gxf6 15.Nd5 Kf8
16.Qf3 exd5 17.exd5 Qb6 18.Re6 dxe6 19.Qxf6 Rg8 20.dxe6 Bh2+ 21.Kh1 Qxe6 {#R}
0-1

[Event "It (open)"]
[Site "masterchessopen.com Evry (France)"]
[Date "2007.11.02"]
[Round "4"]
[White "Fedorchuk Sergey A (UKR)"]
[Black "Kukov Velislav (BUL)"]
[Result "1-0"]
[WhiteElo "2645"]
[BlackElo "2329"]

1.e4 c5 2.Nf3 e6 3.d4 cxd4 4.Nxd4 Nc6 5.Nc3 Qc7 6.Be3 a6 7.Qd2 Nf6 8.O-O-O Bb4
9.f3 b5 10.Kb1 Ne7 11.g4 O-O 12.h4 d6 13.h5 Nd7 14.Nc6 Qxc6 15.g5 Ne5 16.Qg2
Bb7 17.Ne2 Rfc8 18.Nd4 Qe8 19.g6 fxg6 20.Nxe6 Qf7 21.Nd4 Nxf3 22.hxg6 Qxg6
23.Nf5 Qxg2 24.Nxe7+ {#r} 1-0

[Event "It (open)"]
[Site "masterchessopen.com Bad Wiessee (Germany)"]
[Date "2007.11.11"]
[Round "2"]
[White "Kroeger Fabian (GER)"]
[Black "Levin Felix (GER)"]
[Result "0-1"]
[WhiteElo "2163"]
[BlackElo "2552"]

1.e4 c5 2.Nf3 e6 3.d4 cxd4 4.Nxd4 Nc6 5.Nc3 Qc7 6.Be3 a6 7.Qd2 Nf6 8.O-O-O Be7
9.Kb1 O-O 10.f3 b5 11.g4 Bb7 12.h4 Rac8 13.h5 Nxd4 14.Qxd4 b4 15.g5 Ne8
16.Qxd7 bxc3 17.g6 Rd8 {#R} 0-1

[Event "Ch World (juniors) (under 10)"]
[Site "masterchessopen.com Kemer (Turkey)"]
[Date "2007.11.22"]
[Round "6"]
[White "Vorontsov Pavlo (UKR)"]
[Black "Lamard Guillaume (FRA)"]
[Result "0-1"]
[WhiteElo "2082"]
[BlackElo "1945"]

1.e4 c5 2.Nf3 e6 3.d4 cxd4 4.Nxd4 Nc6 5.Nc3 Qc7 6.Be3 a6 7.a4 Nf6 8.Be2 Bb4
9.f3 d5 10.Bd3 Nxd4 11.Bxd4 e5 12.O-O exd4 13.Nxd5 Nxd5 14.exd5 O-O 15.f4 Qd6
16.Qh5 f5 17.Rf3 Qh6 18.Qxh6 gxh6 19.Bc4 Bd7 20.c3 dxc3 21.bxc3 Bc5+ 22.Kf1
Rf6 23.a5 Bb5 24.Bxb5 axb5 25.Rg3+ Kf7 {#R} 0-1

[Event "It (a)"]
[Site "masterchessopen.com Coulsdon (England)"]
[Date "2007.12.21"]
[Round "9"]
[White "White Michael (ENG)"]
[Black "Gourlay Iain (SCO)"]
[Result "0-1"]
[WhiteElo "2274"]
[BlackElo "2349"]

1.e4 c5 2.Nf3 e6 3.d4 cxd4 4.Nxd4 Nc6 5.Nc3 Qc7 6.Be3 a6 7.Qd2 Nf6 8.O-O-O Bb4
9.f3 Ne5 10.Qe1 Bxc3 11.bxc3 d6 12.g4 Nfd7 13.g5 b5 14.f4 Nc4 15.Bh3 Nc5
16.Nb3 Nxe4 17.Bd4 d5 18.Qh4 Qd6 19.Rde1 O-O 20.Rxe4 Qa3+ 21.Kd1 dxe4 22.Ke2
Qxa2 23.Rc1 Na3 {#R} 0-1

[Event "Tournament (team) \"]
[Site "masterchessopen.com Belgrade (Serbia)"]
[Date "2008.02.25"]
[Round "9"]
[White "Cabrilo Goran (SRB)"]
[Black "Andrejic Vladica (SRB)"]
[Result "1-0"]
[WhiteElo "2500"]
[BlackElo "2264"]

1.e4 c5 2.Nf3 e6 3.d4 cxd4 4.Nxd4 Nc6 5.Nc3 Qc7 6.Be3 a6 7.Bd3 Nf6 8.O-O Ne5
9.h3 d6 10.Qe2 b6 11.f4 Ned7 12.g4 g6 13.f5 e5 14.Ne6 Qc6 15.Nxf8 Rxf8 16.fxg6
fxg6 17.Bh6 d5 18.Bxf8 Nxf8 19.exd5 {#r} 1-0

[Event "Ch Poland (juniors) (under 18)"]
[Site "masterchessopen.com Leba (Poland)"]
[Date "2008.03.30"]
[Round "2"]
[White "Panocki Adrian (POL)"]
[Black "Kukla Maciej (POL)"]
[Result "1-0"]
[WhiteElo "2381"]
[BlackElo "2153"]

1.e4 c5 2.Nf3 e6 3.d4 cxd4 4.Nxd4 Nc6 5.Nc3 Qc7 6.Be3 a6 7.Qd2 Nf6 8.O-O-O Bb4
9.f3 Ne5 10.Nb3 b5 11.Qd4 Nc4 12.Bxc4 bxc4 13.Nd2 d5 14.exd5 exd5 15.Bg5 Bc5
16.Nxd5 Nxd5 17.Qxd5 O-O 18.Ne4 Bb6 19.Qxa8 Bb7 20.Qxf8+ Kxf8 21.Rd8+ Qxd8
22.Bxd8 Bxd8 23.Rd1 {#r} 1-0

[Event "Ch Croatia (team) (2nd league)"]
[Site "masterchessopen.com Osijek (Croatia)"]
[Date "2008.04.20"]
[Round "6"]
[White "Vranjic Marko (CRO)"]
[Black "Ljikar Zoran (CRO)"]
[Result "0-1"]
[WhiteElo "1890"]
[BlackElo "2195"]

1.e4 c5 2.Nf3 e6 3.d4 cxd4 4.Nxd4 Nc6 5.Nc3 Qc7 6.Be3 a6 7.f4 b5 8.Bd3 Nxd4
9.Bxd4 Qxf4 10.Rf1 Qc7 11.Qh5 d6 12.Nxb5 axb5 13.Bxb5+ Kd8 14.Rxf7 Ne7 15.Qf3
Qa5+ 16.c3 Qxb5 17.Rxf8+ Rxf8 18.Qxf8+ Kd7 19.Qxg7 Qxb2 20.c4 Qb4+ 21.Kf2 e5
22.Be3 Qb2+ 23.Kg3 Qxa1 24.Bg5 Qe1+ 25.Kh3 Kc6+ {#R} 0-1

[Event "It (open)"]
[Site "masterchessopen.com La Laguna (Spain)"]
[Date "2008.04.22"]
[Round "2"]
[White "Molina Rodriguez Borja (ESP)"]
[Black "Navarro Molina David (ESP)"]
[Result "0-1"]
[WhiteElo "1593"]
[BlackElo "1809"]

1.e4 c5 2.Nf3 e6 3.d4 cxd4 4.Nxd4 Nc6 5.Be3 Qc7 6.Nc3 a6 7.Bd3 b5 8.O-O Bb7
9.f4 Nxd4 10.Bxd4 Bc5 11.Bxc5 Qxc5+ 12.Kh1 b4 13.Ne2 Nf6 14.Ng3 h5 15.h4 Ng4
16.Qe2 Qe7 17.Kg1 Qxh4 18.Rf3 Qh2+ 19.Kf1 h4 {#R} 0-1

[Event "Cup Croatia (team)"]
[Site "masterchessopen.com Sibenik (Croatia)"]
[Date "2008.05.24"]
[Round "4"]
[White "Zamostni Jan (CRO)"]
[Black "Zelic Zdravko (CRO)"]
[Result "0-1"]
[WhiteElo "2245"]
[BlackElo "2366"]

1.e4 c5 2.Nf3 e6 3.d4 cxd4 4.Nxd4 Nc6 5.Nc3 Qc7 6.Be3 a6 7.Bd3 Nf6 8.O-O Ne5
9.h3 d6 10.Qe2 Be7 11.f4 Ng6 12.Rae1 O-O 13.f5 Ne5 14.Rf2 b5 15.a3 Bd7 16.g4
h6 17.g5 hxg5 18.Bxg5 Kh7 19.Kh1 g6 20.Qe3 Rae8 21.Ref1 Qd8 22.Bh6 Rh8
23.fxg6+ fxg6 24.Qg5 Kg8 25.Rg2 Nfg4 {#R} 0-1

[Event "Tournament (Elo) (a)"]
[Site "masterchessopen.com Stockholm (Sweden)"]
[Date "2008.06.08"]
[Round "2"]
[White "Blomqvist Erik (SWE)"]
[Black "Sjoberg Mats (SWE)"]
[Result "1-0"]
[WhiteElo "2418"]
[BlackElo "2340"]

1.e4 c5 2.Nf3 e6 3.d4 cxd4 4.Nxd4 Nc6 5.Nc3 Qc7 6.Be3 a6 7.Qd2 Nf6 8.O-O-O b5
9.Bf4 Qa5 10.Nb3 Qd8 11.f3 Be7 12.Qf2 O-O 13.Kb1 Na5 14.e5 Ne8 15.Be3 Rb8
16.Bd3 f5 17.exf6 Nxf6 18.Ba7 Rb7 19.Nc5 Rxa7 20.Nxe6 Qe8 21.Nxf8 Nc6 22.Nxh7
Nxh7 23.Rhe1 Qf7 24.Be4 {#r} 1-0

[Event "Ch City (open)"]
[Site "masterchessopen.com Frankfurt (Germany)"]
[Date "2008.06.09"]
[Round "6"]
[White "Bischoff Ulrich (GER)"]
[Black "Pfrommer Christoph (GER)"]
[Result "1-0"]
[WhiteElo "2107"]
[BlackElo "2355"]

1.e4 c5 2.Nf3 e6 3.d4 cxd4 4.Nxd4 Nc6 5.Nc3 Qc7 6.Be3 a6 7.Bd3 Nf6 8.O-O Ne5
9.h3 Bc5 10.Qe1 d6 11.f4 Ng6 12.Kh1 O-O 13.f5 Ne5 14.Qh4 b5 15.Rf3 exf5
16.exf5 Nxf3 17.gxf3 Bb7 18.Rg1 Bxf3+ 19.Kh2 d5+ 20.Bf4 Bd6 21.Rxg7+ Kh8
22.Qxf6 Bxf4+ 23.Rg3# 1-0

[Event "Ch India (w) (b)"]
[Site "masterchessopen.com Calcutta (India)"]
[Date "2008.06.10"]
[Round "7"]
[White "Meera Sai (IND)"]
[Black "Baisakhi Das (IND)"]
[Result "1-0"]
[WhiteElo "2154"]
[BlackElo "2072"]

1.e4 c5 2.Nc3 Nc6 3.Nf3 e6 4.d4 cxd4 5.Nxd4 Qc7 6.Be3 a6 7.Qd2 Nf6 8.O-O-O b5
9.Bf4 e5 10.Nxc6 exf4 11.e5 dxc6 12.exf6 Be6 13.Qd4 g6 14.Be2 Rd8 15.Qe4 Bc5
16.Bg4 O-O 17.Bxe6 fxe6 18.Qxe6+ Qf7 19.Qxf7+ Kxf7 20.Ne4 Bb6 21.Ng5+ Kg8
22.f7+ Kh8 23.Rxd8 Bxd8 24.Ne6 {#r} 1-0

[Event "Ch Germany (juniors) (Internet) (under 25) (final)"]
[Site "masterchessopen.com Internet"]
[Date "2008.06.15"]
[Round "3"]
[White "Zaragatski Ilja (GER)"]
[Black "Zwahr Paul (GER)"]
[Result "1-0"]
[WhiteElo "2415"]
[BlackElo "2316"]

1.e4 c5 2.Nf3 e6 3.d4 cxd4 4.Nxd4 Nc6 5.Nc3 Qc7 6.Be3 a6 7.Qd2 Nf6 8.O-O-O Bb4
9.f3 Ne5 10.Nb3 b5 11.Qe1 Be7 12.f4 Nc4 13.e5 Ng4 14.Bd4 Bb7 15.Bd3 g6 16.Ne4
Rc8 17.h3 Nh6 18.Nd6+ Kf8 19.Nxc8 Qxc8 20.Be4 Nf5 21.Bxb7 Qxb7 22.Bc5 d5
23.exd6 Bxd6 24.Bxd6+ Nfxd6 25.Rxd6 {#r} 1-0

[Event "It (open)"]
[Site "masterchessopen.com Sterlitamak (Russia)"]
[Date "2008.07.01"]
[Round "6"]
[White "Beliaev Alexander (RUS)"]
[Black "Kajumov Karim (RUS)"]
[Result "0-1"]
[WhiteElo "2117"]
[BlackElo "1983"]

1.e4 c5 2.Nf3 e6 3.d4 cxd4 4.Nxd4 a6 5.Nc3 Nc6 6.Be3 Qc7 7.Bd3 Nf6 8.h3 d6
9.Qd2 Be7 10.O-O Nxd4 11.Bxd4 b5 12.a3 O-O 13.Ne2 Bb7 14.Ng3 Rfe8 15.c3 e5
16.Be3 Rad8 17.f3 d5 18.exd5 Nxd5 19.Rad1 Nxe3 {#R} 0-1

[Event "Ch Serbia (youth) (g)"]
[Site "masterchessopen.com Golubac (Serbia)"]
[Date "2008.07.16"]
[Round "3"]
[White "Markovic Tamara (SRB)"]
[Black "Djukic Sandra (SRB)"]
[Result "0-1"]
[WhiteElo "1556"]
[BlackElo "2184"]

1.e4 c5 2.Nf3 Nc6 3.d4 cxd4 4.Nxd4 Qc7 5.Nc3 e6 6.Ndb5 Qb8 7.Be3 a6 8.Nd4 Qc7
9.Bc4 Nf6 10.a3 b5 11.Bd3 Bb7 12.O-O b4 13.axb4 Bxb4 14.Nde2 O-O 15.f3 Ne5
16.Bf4 d6 17.Qd2 Nfd7 18.Rfe1 Nb6 19.Be3 Nec4 20.Qc1 Nxe3 21.Qxe3 Bc5 22.Nd4
e5 23.Kh1 exd4 {#R} 0-1

[Event "It \"]
[Site "masterchessopen.com Enschede (Netherlands)"]
[Date "2008.08.05"]
[Round "5"]
[White "Van Kampen Robin (NED)"]
[Black "Van Oosterom Chiel (NED)"]
[Result "0-1"]
[WhiteElo "2307"]
[BlackElo "2428"]

1.e4 c5 2.Nf3 e6 3.d4 cxd4 4.Nxd4 Nc6 5.Nc3 Qc7 6.Be3 a6 7.Bd3 Nf6 8.O-O b5
9.Nxc6 Qxc6 10.f3 Bc5 11.Qd2 O-O 12.Ne2 d6 13.b4 Bxe3+ 14.Qxe3 e5 15.a4 Be6
16.Ra3 bxa4 17.Rfa1 d5 18.exd5 Nxd5 19.Qe4 g6 20.Rxa4 Bf5 21.Qxe5 Rfe8 22.Nd4
Qxa4 {#R} 0-1

[Event "It (open)"]
[Site "masterchessopen.com Aigaleo (Greece)"]
[Date "2008.08.21"]
[Round "0"]
[White "Liaskos Leonidas (GRE)"]
[Black "Delis G (GRE)"]
[Result "0-1"]
[WhiteElo "2009"]
[BlackElo "1993"]

1.e4 c5 2.Nc3 e6 3.Nf3 Nc6 4.d4 cxd4 5.Nxd4 Qc7 6.Be3 a6 7.Qd2 Nf6 8.O-O-O Bb4
9.f3 d5 10.a3 Bxc3 11.Qxc3 dxe4 12.Nxc6 Qxc6 13.Qd4 O-O 14.Bg5 e5 15.Qxe5 Re8
16.Qg3 Bf5 17.Bxf6 Qxf6 18.fxe4 Rxe4 19.Bd3 Qh6+ 20.Kb1 Re3 21.Qc7 Bxd3
22.cxd3 Qg6 23.Qxb7 Rd8 24.Ka2 h6 25.Rhe1 Qe6+ {#R} 0-1

[Event "It (open) (c)"]
[Site "masterchessopen.com Polanica Zdroj (Poland)"]
[Date "2008.08.23"]
[Round "5"]
[White "Maruszczak Joanna (POL)"]
[Black "Kaczmarek Alicja (POL)"]
[Result "0-1"]
[WhiteElo "1627"]
[BlackElo "1821"]

1.e4 c5 2.Nf3 e6 3.d4 cxd4 4.Nxd4 a6 5.Nc3 Nc6 6.Be3 Qc7 7.Qd2 Nf6 8.f3 b5
9.g4 h6 10.O-O-O Bb7 11.h4 Be7 12.Nxc6 Bxc6 13.Bd3 O-O-O 14.Rdg1 d5 15.e5 Nd7
16.f4 d4 17.Bxd4 Bxh1 18.Rxh1 Bc5 19.Bxc5 Nxc5 20.Rh3 b4 21.Ne4 b3 22.Nxc5
Qxc5 23.axb3 Kb7 24.Be4+ Ka7 25.Qc3 Qg1+ {#R} 0-1

[Event "Cup Ugra (open) (b)"]
[Site "masterchessopen.com Khanty Mansyisk (Russia)"]
[Date "2008.10.22"]
[Round "10"]
[White "Sviridenko Alexey (RUS)"]
[Black "Ivanets Vladimir (GER)"]
[Result "1-0"]
[WhiteElo "1774"]
[BlackElo "2178"]

1.e4 c5 2.Nf3 Nc6 3.d4 cxd4 4.Nxd4 Qc7 5.Nc3 e6 6.Be3 a6 7.a4 Nf6 8.Bd3 Bb4
9.O-O Bxc3 10.bxc3 d5 11.Nxc6 bxc6 12.exd5 cxd5 13.Bd4 Qe7 14.Qf3 O-O 15.Rae1
h6 16.Re3 Rd8 17.Rfe1 Bb7 18.Qh3 Kf8 19.Bxf6 Qxf6 20.Rf3 Qe7 21.Rxe6 Bc8
22.Rxe7 Bxh3 23.Rfxf7+ Kg8 24.Rxg7+ {#r} 1-0

[Event "Ch France (team) (nat.1) 2008/09"]
[Site "masterchessopen.com France"]
[Date "2008.11.22"]
[Round "2"]
[White "Geenen Marc (BEL)"]
[Black "De Sousa Jose-Claude (FRA)"]
[Result "1-0"]
[WhiteElo "2316"]
[BlackElo "2307"]

1.e4 c5 2.Nf3 Nc6 3.d4 cxd4 4.Nxd4 e6 5.Nc3 Qc7 6.Be3 a6 7.f4 d6 8.Qf3 Nf6
9.O-O-O Nxd4 10.Bxd4 Be7 11.g4 O-O 12.g5 Nd7 13.Rg1 b5 14.Qh5 b4 15.Bd3 bxc3
16.Bxg7 e5 17.Bf6 Re8 18.g6 Nxf6 19.gxf7+ Kf8 20.Rg8+ {#r} 1-0

[Event "Extraliga 2008/09"]
[Site "masterchessopen.com Slovakia"]
[Date "2009.02.14"]
[Round "8"]
[White "Czebe Attila (HUN)"]
[Black "Dovzik Juri (UKR)"]
[Result "1-0"]
[WhiteElo "2492"]
[BlackElo "2365"]

1.e4 c5 2.Nf3 e6 3.d4 cxd4 4.Nxd4 Nc6 5.Nc3 Qc7 6.Be3 a6 7.Qd2 Nf6 8.O-O-O Bb4
9.f3 O-O 10.Kb1 Rb8 11.g4 b5 12.g5 Ne8 13.Nxc6 Qxc6 14.Nd5 Bd6 15.Nf6+ gxf6
16.gxf6 Kh8 17.Rg1 Bc5 18.e5 Rg8 19.Rxg8+ Kxg8 20.Bd3 {#r} 1-0

[Event "It (open)"]
[Site "masterchessopen.com Bad Woerishofen (Germany)"]
[Date "2009.03.08"]
[Round "4"]
[White "Schmid Wolfgang (GER)"]
[Black "Iotov Valentin (BUL)"]
[Result "0-1"]
[WhiteElo "2246"]
[BlackElo "2603"]

1.e4 c5 2.Nf3 e6 3.d4 cxd4 4.Nxd4 Nc6 5.Nc3 Qc7 6.Be3 a6 7.Bd3 Nf6 8.Nxc6 dxc6
9.O-O Bd6 10.h3 b5 11.f4 e5 12.Qf3 Bb7 13.Ne2 c5 14.c3 O-O-O 15.Bc2 exf4
16.Nxf4 Rhe8 17.Nd5 Nxd5 18.exd5 Bxd5 19.Qg4+ Kb8 20.Bf4 Bxf4 21.Rxf4 Bxg2
22.Rf2 Bb7 23.Raf1 Re3 24.Rf4 Rd2 {#R} 0-1

[Event "Ch Colombia (juniors) (under 20) (g)"]
[Site "masterchessopen.com Bogota (Colombia)"]
[Round "2"]
[White "Ortegon Villacorte Linda Daniela"]
[Black "Aguilar Natalia Andrea (COL)"]
[Result "0-1"]
[WhiteElo "1787"]
[BlackElo "1927"]

1.e4 c5 2.Nf3 Nc6 3.d4 cxd4 4.Nxd4 Qc7 5.Nc3 e6 6.Be3 a6 7.Bc4 Nf6 8.f4 b5
9.Bb3 b4 10.e5 Nxe5 11.fxe5 Qxe5 12.Qf3 bxc3 13.Qxa8 Qxe3+ 14.Ne2 Bb4 15.Qxc8+
Ke7 16.bxc3 Rxc8 17.cxb4 Ne4 18.c4 Nc3 19.Bd1 Rxc4 {#R} 0-1

[Event "Ch Russia (juniors) (under 18) (1 league) (g)"]
[Site "masterchessopen.com Dagomys (Russia)"]
[Date "2009.04.21"]
[Round "7"]
[White "Pylaeva Ekaterina (RUS)"]
[Black "Muslimova Yana (RUS)"]
[Result "0-1"]
[WhiteElo "1635"]
[BlackElo "1709"]

1.e4 c5 2.Nf3 Nc6 3.d4 cxd4 4.Nxd4 Qc7 5.Nc3 e6 6.Be3 a6 7.Qd2 b5 8.Bd3 Bb7
9.O-O-O Bb4 10.f3 Rc8 11.Nde2 Qa5 12.Bf4 Bxc3 13.Nxc3 b4 14.Nb1 Qxa2 15.Be2
Nf6 16.g4 Na5 {#R} 0-1

[Event "Ch Colombia (qual)"]
[Site "masterchessopen.com Bogota (Colombia)"]
[Date "2009.05.01"]
[Round "4"]
[White "Arenas David (COL)"]
[Black "Ruiz Alciguel (COL)"]
[Result "1-0"]
[WhiteElo "2266"]
[BlackElo "2144"]

1.e4 c5 2.Nf3 e6 3.d4 cxd4 4.Nxd4 Nc6 5.Nc3 Qc7 6.Be3 a6 7.Bd3 Nf6 8.O-O Ne5
9.h3 Bc5 10.Kh1 d6 11.f4 Nc6 12.e5 Bxd4 13.Bxd4 Nxd4 14.exf6 gxf6 15.Re1 Kf8
16.Qh5 h6 17.Qh4 Qd8 18.Rad1 d5 19.f5 Nc6 20.Bc4 Bd7 21.Bb3 Rc8 22.Rf1 Kg7
23.Rd3 Rf8 24.Rg3+ Kh7 25.Rf4 {#r} 1-0

[Event "It \"]
[Site "masterchessopen.com Serpukhov (Russia)"]
[Date "2009.05.04"]
[Round "6"]
[White "Can Emre (TUR)"]
[Black "Matsenko Sergei (RUS)"]
[Result "0-1"]
[WhiteElo "2455"]
[BlackElo "2432"]

1.e4 c5 2.Nf3 Nc6 3.d4 cxd4 4.Nxd4 Qc7 5.Nc3 e6 6.Be3 a6 7.Bd3 Nf6 8.Qe2 Be7
9.O-O h5 10.h3 d6 11.a3 Bd7 12.Rfe1 O-O 13.Rad1 Rfe8 14.Nxc6 Bxc6 15.Bf4 g6
16.e5 dxe5 17.Bxe5 Qb6 18.Ne4 Nxe4 19.Bxe4 Rad8 20.Bxg6 fxg6 21.Bc3 Rxd1
22.Qxe6+ Kf8 23.Rxd1 Qxf2+ {#R} 0-1

[Event "Tournament (open)"]
[Site "masterchessopen.com Salt (Spain)"]
[Date "2009.05.29"]
[Round "6"]
[White "Barneda Ciurana Jordi (ESP)"]
[Black "Burset Camps Guillem (ESP)"]
[Result "1-0"]
[WhiteElo "1892"]
[BlackElo "1833"]

1.e4 c5 2.Nf3 Nc6 3.d4 cxd4 4.Nxd4 e6 5.Nc3 a6 6.Be3 Qc7 7.Qd2 Nf6 8.f3 Be7
9.O-O-O O-O 10.g4 Nxd4 11.Qxd4 b5 12.e5 Ne8 13.Ne4 f5 14.gxf5 Rxf5 15.Nd6 Bxd6
16.exd6 Qc6 17.Bd3 Nxd6 18.Rhg1 e5 19.Qg4 Rf7 20.Bxh7+ Kxh7 21.Qg6+ Kg8
22.Rxd6 Qxf3 23.Bh6 {#r} 1-0

[Event "Ch Bulgaria (team) (2 div)"]
[Site "masterchessopen.com Sunny Beach (Bulgaria)"]
[Date "2009.06.10"]
[Round "3"]
[White "Vutov M Mario (BUL)"]
[Black "Krastanov Georgi (BUL)"]
[Result "1-0"]
[WhiteElo "2331"]
[BlackElo "2192"]

1.e4 c5 2.Nf3 e6 3.d4 cxd4 4.Nxd4 Nc6 5.Nc3 Qc7 6.Be3 a6 7.f3 Bb4 8.Nxc6 bxc6
9.Qd4 Bf8 10.Bc4 Nf6 11.e5 Nd5 12.Bf2 Nxc3 13.Qxc3 d5 14.exd6 Bxd6 15.O-O-O
O-O 16.Bg3 Bf4+ 17.Kb1 a5 18.Bxf4 Qxf4 19.Rd4 Qf6 20.Rhd1 a4 21.Qa3 g6 22.Be2
Qe5 23.Rd8 Bb7 24.Qxf8# 1-0